000 00701nam a2200217 a 4500
001 51943
003 BD-RjUL
005 20211209075732.0
008 160905s1961 maua 000 0 eng
035 _a(BD-RjUL)52063
040 _aBD-RjUL
_cICU
_dDLC
_beng
041 _aeng
082 0 0 _223
_a519.2
_bNOG 1961
100 1 _aNoether, Gottfried E.
_q(Gottfried Emanuel)
_9155334
245 1 0 _aGuide to probability and statistics :
_bEspecially prepared for Continental classroom.
_cGottfried E. Noether.
260 _aLondon :
_bAddison-Wesley Pub. Co.
_cc1961.
300 _avii, 70 p. ;
_c23 cm.
504 _aIncludes Bibliography
650 _aProbability and statistics
_9155335
942 _2ddc
_cBK
999 _c51943
_d51943